000 00542nam a2200181Ia 4500
003 IN-BaIIA
008 211028s9999 xx 000 0 eng d
020 _a0-07-045344-6
040 _cIIA Library
080 _a031:5
_bMCG-77
245 0 _aMcGraw-Hill Yearbook of Science and Technology, 1977
_cedited by Daniel N Lapedes
260 _aNew York
_bMcGraw-Hill
_c1977
300 _a454p.
650 _aNASA thesaurus
650 _aPhysics
_973
700 _aLapedes, Daniel N., ed.
_99568
942 _cBK
999 _c6862
_d6862